[Event "QA-ANNIV-01"]
[Site "http://www.queenalice.com/game.php?id=15363"]
[Date "2005.6.4"]
[Round "1"]
[White "LOLIN"]
[Black "Karrppov"]
[Result "0-1"]
[WhiteElo "1810"]
[BlackElo "1719"]

1. e4 c5 2. Nf3 d6 3. d4 cxd4 4. Nxd4 Nf6 5. Nc3 a6 6. Be3 e6 7. f4 Be7 8. Be2
O-O 9. O-O Nc6 10. a4 Qc7 11. Nxc6 bxc6 12. a5 c5 13. Qd3 Bb7 14. Bf2 d5 15. e5
Ne4 16. Nxe4 dxe4 17. Qc3 Rad8 18. Rfd1 Rd5 19. b4 Rc8 20. b5 axb5 21. Bxb5 c4
22. Rxd5 Bxd5 23. Kf1 Bc5 24. Bxc5 Qxc5 25. Ba4 Rb8 26. g4 Ra8 27. Rb1 h6 28.
Rb5 Qe7 29. Ke2 Qh4 30. Qg3 Qd8 31. Qc3 Kh7 32. h3 Ra6 33. Rc5 Qe7 34. Rc8 Qb7
35. Rc5 Qa7 36. Qb4 Qe7 37. Qb5 Ra7 38. Qb6 Rb7 39. Qd6 Qh4 40. Rb5 Rxb5 41.
Bxb5 Qxh3 42. Bc6 Qxg4+ 43. Kd2 Qxf4+ 44. Kc3 e3 45. Bxd5 e2 46. Bxc4 e1=Q+ 47.
Kb3 Qb1+ 48. Kc3 Qa1+ 49. Kb4 Qe1+ 50. Kb3 Qxa5 51. Qb4 Qxb4+ 52. Kxb4 Qxe5 0-1

[Event "AUTO-INT-08"]
[Site "http://www.queenalice.com/game.php?id=27005"]
[Date "2005.9.2"]
[Round "2"]
[White "LOLIN"]
[Black "waltc"]
[Result "1-0"]
[WhiteElo "1802"]
[BlackElo "1886"]

1. d4 Nf6 2. Nc3 e6 3. e4 d5 4. Qd3 dxe4 5. Nxe4 Nbd7 6. Nf3 Be7 7. Be2 O-O 8.
Bg5 Nxe4 9. Bxe7 Qxe7 10. Qxe4 Qb4+ 11. Nd2 Qxb2 12. O-O c5 13. Nc4 Qxd4 14. Qd3
Qxd3 15. cxd3 Nf6 16. Rfc1 b6 17. a4 Bb7 18. a5 Bd5 19. axb6 Bxc4 20. b7 Rab8
21. Rxc4 Rxb7 22. Rxc5 Rfb8 23. g3 Rb1+ 24. Rxb1 Rxb1+ 25. Kg2 g6 26. Ra5 Rb7
27. Kf3 Nd5 28. Kg4 h5+ 29. Kg5 Kg7 30. g4 1-0

[Event "AUTO-INT-08"]
[Site "http://www.queenalice.com/game.php?id=27006"]
[Date "2005.9.2"]
[Round "2"]
[White "waltc"]
[Black "LOLIN"]
[Result "0-1"]
[WhiteElo "1907"]
[BlackElo "1781"]

1. e4 e5 2. Nf3 Nc6 3. Bc4 Be7 4. O-O Nf6 5. Re1 d5 6. exd5 Nxd5 7. Nxe5 Nxe5 8.
Rxe5 Be6 9. Bxd5 Bxd5 10. Nc3 Be6 11. d3 Qd6 12. Re1 O-O 13. Be3 c5 14. Qh5 Rac8
15. h3 Qc6 16. Ne4 h6 17. f4 Bd5 18. Bf2 b6 19. c4 Bxe4 20. dxe4 Bd8 21. e5 Kh7
22. Rad1 Qe6 23. Rd6 Qxc4 24. Qf5+ Kg8 25. Qxc8 Be7 26. Qf5 Bxd6 27. exd6 g6 28.
Qf6 Qb5 29. Re7 Qd3 0-1

[Event "AUTO-INT-08"]
[Site "http://www.queenalice.com/game.php?id=27009"]
[Date "2005.9.2"]
[Round "2"]
[White "LOLIN"]
[Black "andi_g"]
[Result "1-0"]
[WhiteElo "1775"]
[BlackElo "1459"]

1. e4 d5 2. e5 Nc6 3. d4 Bf5 4. Bd3 g6 5. Be3 h5 6. Nf3 e6 7. a3 Nh6 8. Bg5 Ne7
9. Bf6 Rg8 10. Nc3 c6 11. O-O Ng4 12. Nb5 a6 13. Nd6+ Kd7 14. Nxb7 1-0

[Event "AUTO-INT-08"]
[Site "http://www.queenalice.com/game.php?id=27010"]
[Date "2005.9.2"]
[Round "2"]
[White "andi_g"]
[Black "LOLIN"]
[Result "0-1"]
[WhiteElo "1456"]
[BlackElo "1778"]

1. e3 d5 2. c4 e5 3. Qa4+ Bd7 4. Qb3 Bc6 5. g3 d4 6. Qd3 Bxh1 7. f3 Nf6 8. Nh3
Nc6 9. Ng5 h6 10. Nh3 Bxf3 11. Kf2 Bd1 12. a4 e4 13. Qxd4 Nxd4 0-1

[Event "AUTO-INT-09"]
[Site "http://www.queenalice.com/game.php?id=29460"]
[Date "2005.9.19"]
[Round "2"]
[White "LOLIN"]
[Black "barron6469"]
[Result "0-1"]
[WhiteElo "1801"]
[BlackElo "1747"]

1. e4 c5 2. d4 cxd4 3. Qxd4 Nc6 4. Qd1 e6 5. Nc3 Nf6 6. Bc4 Bb4 7. Ne2 Nxe4 8.
Bd2 Nxc3 9. Bxc3 Qc7 10. Bb5 Qb6 11. Bxc6 Bxc3+ 12. bxc3 Qxc6 13. O-O b6 14. Nd4
Qxc3 15. Nb5 Qc6 16. Nd6+ Ke7 17. Nxc8+ Raxc8 18. Rc1 Rc7 19. Qg4 Qc3 20. Qe4
Qc6 21. Qh4+ f6 22. c3 Qc4 23. Qg3 Kf7 24. Qd6 Qc6 25. Qb4 Qc5 26. Qb3 Rhc8 27.
Rfe1 Qc4 28. Qb1 Qa4 29. Qxh7 Rxc3 30. Rxc3 Rxc3 31. Qh5+ Ke7 32. Qh7 Qg4 33. h3
Qg5 34. Qe4 Rc1 35. Kh2 Rxe1 36. Qxe1 Qe5+ 37. Qxe5 fxe5 38. Kg3 d5 39. Kf3 Kf6
40. Ke3 b5 41. Kd3 b4 42. g3 Kf5 43. Ke3 a5 44. f3 a4 0-1

[Event "AUTO-INT-09"]
[Site "http://www.queenalice.com/game.php?id=29461"]
[Date "2005.9.19"]
[Round "2"]
[White "barron6469"]
[Black "LOLIN"]
[Result "1/2-1/2"]
[WhiteElo "1754"]
[BlackElo "1783"]

1. d4 d5 2. c4 Nf6 3. e3 Bf5 4. Qb3 b6 5. Nc3 e6 6. Nf3 c6 7. Ne5 Be7 8. cxd5
exd5 9. Be2 Nbd7 10. Nxd7 Nxd7 11. O-O c5 12. Qxd5 Be6 13. Qc6 O-O 14. Rd1 Rc8
15. Qb5 cxd4 16. exd4 Nf6 17. Bf4 Nd5 18. Nxd5 Bxd5 19. Bg4 Be6 20. Bxe6 fxe6
21. Qe5 Rc6 22. g3 Rf5 23. Qb8 Qxb8 24. Bxb8 a6 25. Rac1 Rxc1 26. Rxc1 Kf7 27.
Be5 Bf6 28. f4 Bxe5 29. dxe5 g5 30. Rc4 gxf4 31. Rxf4 Kg6 32. Kg2 Rxe5 33. Kf3
h5 34. h3 Rb5 35. b3 a5 36. Ke4 Rc5 37. h4 Rc2 38. a4 Rc3 39. g4 hxg4 40. Rxg4+
Kh6 41. Ke5 Rxb3 42. Kxe6 Rb4 43. Kf5 Rb2 44. Re4 Kh5 45. Rc4 b5 46. axb5 Rxb5+
47. Kf6 Rb6+ 48. Ke7 1/2-1/2

[Event "AUTO-ADV-38"]
[Site "http://www.queenalice.com/game.php?id=33749"]
[Date "2005.10.18"]
[Round "2"]
[White "barron6469"]
[Black "LOLIN"]
[Result "0-1"]
[WhiteElo "1757"]
[BlackElo "1782"]

1. d4 d5 2. c4 Nf6 3. Bg5 e6 4. Nc3 Be7 5. e3 b6 6. g3 Bb7 7. Bg2 c6 8. cxd5
Nxd5 9. Bxe7 Qxe7 10. Nge2 O-O 11. O-O Nd7 12. Nxd5 cxd5 13. Rc1 Nf6 14. Rc3 Ba6
15. Re1 Bxe2 16. Rxe2 Ne4 17. Bxe4 dxe4 18. Rec2 Qf6 19. Qc1 g6 20. Rc8 e5 21.
R8c6 Qf5 22. d5 Rad8 23. d6 Qe6 24. Rd2 Rd7 25. b3 f5 26. Qc4 Qxc4 27. Rxc4 Kf7
28. Rc7 Ke6 29. Rdc2 Rxc7 30. Rxc7 Rf7 31. Rxf7 Kxf7 32. Kg2 g5 33. h3 h5 34. a3
Ke6 35. d7 Kxd7 0-1

[Event "AUTO-ADV-38"]
[Site "http://www.queenalice.com/game.php?id=33750"]
[Date "2005.10.18"]
[Round "2"]
[White "LOLIN"]
[Black "barron6469"]
[Result "0-1"]
[WhiteElo "1821"]
[BlackElo "1715"]

1. e4 e6 2. Nf3 c5 3. d4 d6 4. c3 b6 5. d5 Nf6 6. Nbd2 exd5 7. exd5 Nxd5 8. Qe2+
Be7 9. g3 O-O 10. Bg2 Re8 11. O-O Ba6 12. c4 Nd7 13. cxd5 Bxe2 0-1

[Event "AUTO-OPEN-81"]
[Site "http://www.queenalice.com/game.php?id=54944"]
[Date "2006.2.27"]
[Round "2"]
[White "razoman"]
[Black "LOLIN"]
[Result "1-0"]
[WhiteElo "1866"]
[BlackElo "1810"]

1. e4 e5 2. Nf3 d6 3. h3 g6 4. Bc4 Bg7 5. Nc3 Nf6 6. d3 Nc6 7. O-O O-O 8. Bg5
Na5 9. Bb3 Nxb3 10. axb3 Qe8 11. Bxf6 Bxf6 12. Nd5 Bd8 13. Qd2 c6 14. Ne3 Bf6
15. Ng4 Bg7 16. Nh6+ Kh8 17. g4 f6 18. c3 f5 19. g5 f4 20. Kh2 Be6 21. d4 Qc8
22. Ng1 Bxb3 23. f3 Be6 24. d5 cxd5 25. exd5 Bf5 26. Qf2 Bxh6 27. gxh6 Qd8 28.
Rxa7 Rxa7 29. Qxa7 Bc8 30. Qb8 Qe7 31. Qa7 Qh4 32. Qf2 Qxh6 33. Ra1 Bf5 34. Ra7
b5 35. Rb7 Bd3 36. Rd7 g5 37. b3 Rf6 38. Qa7 Rf8 39. Qc7 e4 40. Rxd6 Qh4 41. Rd7
e3 42. Qe5+ 1-0

[Event "AUTO-OPEN-81"]
[Site "http://www.queenalice.com/game.php?id=54945"]
[Date "2006.2.27"]
[Round "2"]
[White "LOLIN"]
[Black "razoman"]
[Result "0-1"]
[WhiteElo "1797"]
[BlackElo "1906"]

1. e4 c5 2. Bc4 e6 3. a3 a6 4. Nf3 Nc6 5. d3 b5 6. Ba2 Bb7 7. Nc3 d6 8. O-O Nf6
9. Bg5 Be7 10. Nd2 O-O 11. Ne2 Nd4 12. Nxd4 cxd4 13. Nf3 e5 14. c3 dxc3 15. bxc3
Nd7 16. Bxe7 Qxe7 17. Nd2 Rac8 18. c4 Nc5 19. Nb3 bxc4 20. Nxc5 Rxc5 21. Bxc4 d5
22. exd5 Bxd5 23. Bxa6 Rc3 24. a4 Qg5 25. g3 Qh6 26. Qg4 Qxa6 0-1

[Event "Challenge"]
[Site "http://www.queenalice.com/game.php?id=162855"]
[Date "2007.2.2"]
[Round "-"]
[White "LOLIN"]
[Black "crister"]
[Result "0-1"]
[WhiteElo "1752"]
[BlackElo "1823"]

1. e4 d5 2. e5 Nc6 3. Nf3 Bg4 4. Be2 Bxf3 5. Bxf3 Nxe5 6. O-O Nxf3+ 7. Qxf3 Nf6
8. d4 g6 9. Bg5 Bg7 10. Nd2 O-O 11. c3 c6 12. Bxf6 Bxf6 13. Nb3 b6 14. Rad1 a5
15. Qd3 e5 16. dxe5 Bxe5 17. Nd4 Bxd4 18. Qxd4 Rb8 19. a3 b5 20. b4 axb4 21.
axb4 Rc8 22. Rd3 Qd6 23. Re3 Rce8 24. Rfe1 Rxe3 25. Rxe3 Rc8 26. g3 c5 27. bxc5
Rxc5 28. Rd3 Rc4 29. Qxd5 Qxd5 30. Rxd5 Rxc3 31. Rxb5 Kg7 32. Kf1 f5 33. Rb7+
Kf6 34. Ke2 h6 35. Kd2 Rc6 36. h4 g5 37. hxg5+ Kxg5 38. f4+ Kg4 39. Rg7+ Kf3 40.
Rf7 Rc5 41. Kd3 Kxg3 42. Kd4 Ra5 43. Ke3 h5 44. Rg7+ Kh3 45. Rh7 h4 46. Kf3 Ra3+
47. Kf2 Kg4 48. Rg7+ Kxf4 49. Kg2 Rg3+ 0-1

[Event "Challenge"]
[Site "http://www.queenalice.com/game.php?id=162858"]
[Date "2007.2.2"]
[Round "-"]
[White "crister"]
[Black "LOLIN"]
[Result "1-0"]
[WhiteElo "1809"]
[BlackElo "1766"]

1. d4 d5 2. Nc3 Nc6 3. g3 g6 4. Bg2 Bg7 5. e3 Bf5 6. Bxd5 Nf6 7. Bxc6+ bxc6 8.
Nge2 Ne4 9. Nxe4 Bxe4 10. O-O Qd5 11. Nf4 Bf3 12. Nxd5 Bxd1 13. Nxc7+ Kd7 14.
Nxa8 Rxa8 15. Rxd1 1-0